Представление документа в формате RUSMARC

ПолеНазваниеЗначение
  Тип записи a
  Библиографический уровень m
001 Контрольный номер RU/SLIB/B/208734833
005 Дата корректировки 20201206204034.4
010 Индекс ISBN __
a ISBN 5-84-51-0107-7
d Цена 89-67
101 Язык документа 1_
a Язык текста rus
c Язык оригинала eng
200 Заглавие и сведения об ответственности 1_
a Заглавие Техника: автомобили, мотоциклы, поезда, электричество, компьютеры
e Сведения, относящиеся к заглавию пер. с англ.
b Общее обозначение материала Текст
210 Выходные данные __
a Место издания М.
c Издательство Росмэн
d Дата издания 2000; 2001
215 Физическое описание __
a Объем 164 с.
c Иллюстрации/тип воспроизводства ил.
225 Серия __
a Серия Энциклопедия юного ученого
327 Примечание о содержании __
a Примечание о содержании Автомобили
330 Аннотация __
a Аннотация Эта книга дает возможность совершить экскурс как в историю создания автомобиля, поезда, мотоцикла, электричества, компьютера, так и ознакомиться с последними достижениями в этой области.
606 Тематические рубрики __
a Основная рубрика Техника
606 Тематические рубрики __
a Основная рубрика Общие вопросы техники
610 Ключевые слова __
a Ключевые слова автомобили; автомобилестроение; гонки; авторалли; треки; поезда; батареи; компьютеры; мотоциклы; переменный ток; электромонтеры; мотоциклетный спорт; компьютерная графика; телеграф; телефоны; электричество
686 Индексы других классификаций __
a Классификационный индекс 30я2 ; ст30я2
801 Источник записи _0
a Страна RU
b Организация Муниципальное бюджетное учреждение культуры "Централизованная библиотечная система" г. Сургут (Центральная городская библиотека им. А. С. Пушкина)
g Правила каталогизации КиК/Нещерет
801 Источник записи _1
a Страна RU
b Организация Муниципальное бюджетное учреждение культуры "Централизованная библиотечная система" г. Сургут (Центральная городская библиотека им. А. С. Пушкина)
g Правила каталогизации КиК/Нещерет
852 Данные о местонахождении __
j Шифр хранения 30я2
c Каталожный индекс 30я2
i Авторский знак Т 38
901 Тип документа __
t Тип документа m
903 Характеристики (МАРС) __
a Дата передачи 20030205
990 Данные о заказе (DOS) __
j Количество экземпляров (DOS) 12
t N записи в КСУ для И/У (DOS) 200302